| 000 | 006250000a22001810004500 | ||
|---|---|---|---|
| 003 | MACL | ||
| 005 | 20160515120755.0 | ||
| 008 | 160515b xxu||||| |||| 00| 0 eng d | ||
| 040 |
_aMACL _cMACL |
||
| 041 | _aHindi | ||
| 082 | _a891.433 ABB | ||
| 100 |
_aअब्बास, ख्वाजा अहमद _943917 |
||
| 245 |
_aमेरा बेटा मेरा दुश्मन _cख्वाजा अहमद अब्बास |
||
| 260 |
_bनीलाभ प्रकाशन _c2008 _aइलाहाबाद |
||
| 350 | _a150 | ||
| 650 |
_aStory _957370 |
||
| 942 |
_cHIN _k891.433/ABB _2ddc |
||
| 999 |
_c41618 _d41618 |
||